LIBRARY & INFORMATION CENTRE, KCAET, TAVANUR

ONLINE PUBLIC ACCESS CATALOGUE (OPAC)

Incompressible flow / (Record no. 10407)

MARC details
000 -LEADER
fixed length control field 00402cam a2200157ua 4500
041 ## - LANGUAGE CODE
Language code of text/sound track or separate title eng
082 ## - DEWEY DECIMAL CLASSIFICATION NUMBER
Classification number 532.51
Item number PAN/IN
100 ## - MAIN ENTRY--AUTHOR NAME
Personal name Panton, Ronald L .
245 ## - TITLE STATEMENT
Title Incompressible flow /
250 ## - EDITION STATEMENT
Edition statement 1 /
260 ## - PUBLICATION, DISTRIBUTION, ETC. (IMPRINT)
Place of publication New York :
Name of publisher Wiley Interscience publications ,
Year of publication 1984.
300 ## - PHYSICAL DESCRIPTION
Number of Pages 780 ; .
942 ## - ADDED ENTRY ELEMENTS (KOHA)
Koha item type Books
Holdings
Withdrawn status Lost status Damaged status Home library Current library Date acquired Full call number Accession Number Koha item type
      KAUAET KAUAET 07/04/2012 532.51 PAN/IN 17990 Books
free website counter